[Event "North Region-ch U10"]
[Site "Maicao"]
[Date "2014.05.04"]
[Round "6.3"]
[White "Borja Munar, David Alejandro"]
[Black "Navarro Rivas, William"]
[Result "0-1"]
[WhiteElo "1237"]
[BlackElo "1340"]
[PlyCount "72"]
[EventDate "2014.05.01"]
[EventType "swiss"]
[EventRounds "6"]
[EventCountry "COL"]
[SourceTitle "EXT 2024"]
[Source "ChessBase"]
[SourceDate "2023.10.10"]
[SourceVersion "1"]
[SourceVersionDate "2023.10.10"]
[SourceQuality "1"]

1. e4 e5 2. Bc4 Nf6 3. d4 Bb4+ 4. Nd2 Bxd2+ 5. Qxd2 Nc6 6. d5 Nxe4 7. Qd1 Nb4 8. f3 Nf6 9. a3 Na6 10. Nh3 d6 11. 0-0 Bxh3 12. gxh3 Nh5 13. Rf2 Qf6 14. Rg2 Nf4 15. Bb5+ c6 16. dxc6 bxc6 17. Bxc6+ Kf8 18. Bxa8 Nxh3+ 19. Kf1 Ke7 20. Bb7 Nc5 21. Bc6 Nf4 22. Bxf4 exf4 23. Qe1+ Ne6 24. Qd2 Qxb2 25. Re1 Qb6 26. Qd5 Rc8 27. Rge2 Rxc6 28. Qxe6+ fxe6 29. Rxe6+ Kd7 30. Re7+ Kc8 31. R1e4 Qb5+ 32. Kg2 Rxc2+ 33. Kh3 Qf1+ 34. Kg4 Qg1+ 35. Kf5 Rc5+ 36. Ke6 Qg6# 0-1